Záujem o leteckú prepravu sa zvyšuje vysoký nárast počtu pasažierov na Letisku ...

Bibliographic Details
Main Author: Halák, Kamil (Author)
Format: Article
Language:Slovak
PhysicalDescription:Tab.
ISSN:1335-4620
Subjects:

MARC

LEADER 00000nab a2200000 ar4500
001 vtls008422068
003 SK-MaSNL
005 20260303224449.0
008 060104c2005 xo wr|p|||||||000 b|slo
015 |a SNBRB2006/01  |2 snkbucl 
038 |a SNKBUCL 
040 |a SNKBUCL  |b slo  |c SNKBUCL  |e AACR2 
041 0 |a slo 
044 |a xo  |c SK 
080 |a 656.7  |x (437.6)  |2 UDC-MRF-SK2 
100 1 |a Halák, Kamil  |4 aut  |9 870923 
245 1 0 |a Záujem o leteckú prepravu sa zvyšuje  |b vysoký nárast počtu pasažierov na Letisku ...  |c Kamil Halák 
300 |b Tab. 
610 2 7 |a Letisko M. R. Štefánika (Bratislava, Slovensko)   |2 snkbucl  |9 35489 
610 2 7 |a Ryanair (Írsko)   |2 snkbucl  |9 1032929 
650 0 7 |a letecká doprava  |2 snkbucl  |9 50044 
773 0 |t Profit  |g Č. 17-18 (2005), s. 44-45  |x 1335-4620 
852 |a SNK  |b KIS3GCP 
999 |c 2252421  |d 2254351